El Tercer Ojo: Autobiografía de un lama tibetano

Guardat en:
Dades bibliogràfiques
Autor principal: Rampa, Lobsang (Autor)
Format: Llibre
Idioma:espanyol
Publicat: Buenos Aires Troquel 1958
Edició:1a. ed
Matèries:
Etiquetes: Afegir etiqueta
Sense etiquetes, Sigues el primer a etiquetar aquest registre!

MARC

LEADER 00000nam a2200000 a 4500
001 UCH4173
003 CL-VaPUC
008 090818e19580000AG |||||||||||||||||spa|d
020 |a 9501605000 
082 0 4 |a 895.6  |b RAM  |2 21 
100 0 |a Rampa, Lobsang  |e author  |9 539637 
245 1 3 |a El Tercer Ojo: Autobiografía de un lama tibetano 
250 |a 1a. ed 
300 |a 255 p 
942 |c BK 
945 |d 20090818 00:00:00  |a ccalabra 
260 |a Buenos Aires  |b Troquel  |c 1958 
650 0 |a Literatura japonesa  |9 266543 
650 0 |a Escritores  |9 313723 
650 7 |a NOVELAS  |2 CL-VaPUC  |9 333250 
650 0 |a Ficción   |9 376687 
651 0 |a Japón   |9 260391 
583 |a last modification  |c 20090818 00:00:00  |k Rodrigo Vera 
999 |c 335510  |d 335508